[Event "38th Olympiad w"]
[Site "Dresden GER"]
[Date "2008.11.20"]
[Round "7"]
[White "Rohonyan,K"]
[Black "Tan Zhongyi"]
[Result "1-0"]
[WhiteElo "2334"]
[BlackElo "2395"]
[EventDate "2008.11.13"]

1. d4 Nf6 2. c4 g6 3. Nc3 Bg7 4. e4 d6 5. Be2 O-O 6. Bg5 Na6 7. Qd2 e5 8.
d5 c6 9. h4 cxd5 10. cxd5 Nc5 11. f3 Qb6 12. Nh3 Nh5 13. g4 Ng3 14. Rg1
Nxe2 15. Qxe2 Bd7 16. Nf2 Rfc8 17. Be3 Qa5 18. Rc1 b5 19. Qd2 b4 20. Ncd1
Qxa2 21. Qxb4 a5 22. Qa3 Qxa3 23. bxa3 Nb3 24. Rb1 Rab8 25. Nd3 Bf6 26. g5
Bd8 27. Rg2 a4 28. Rgb2 Ba5+ 29. Kf2 Bb5 30. Nc1 Bc4 31. f4 exf4 32. Bxf4
Bb6+ 33. Be3 Bc5 34. Bxc5 Rxc5 35. Ne3 Re8 36. Ng4 Kg7 37. Nf6 Rec8 38. Ke3
h6 39. Rc2 Na5 40. Kd4 Bb3 41. Rxc5 Rxc5 42. Ne8+ Kh7 43. Nxd6 Rc7 44. e5
Rc2 45. Nd3 Rh2 46. Rf1 Rxh4+ 47. Kc5 Kg8 48. Rxf7 Bc4 49. Nb4 Nb3+ 50. Kb6
Rd4 51. e6 Bxd5 52. Nxd5 Rxd5 53. Ne4 1-0

[Event "38th Olympiad w"]
[Site "Dresden GER"]
[Date "2008.11.20"]
[Round "7"]
[White "Paehtz,E"]
[Black "Sedina,E"]
[Result "0-1"]
[WhiteElo "2471"]
[BlackElo "2365"]
[EventDate "2008.11.13"]

1. e4 e6 2. d4 d5 3. Nc3 Bb4 4. e5 c5 5. a3 Bxc3+ 6. bxc3 Qc7 7. Qg4 Ne7 8.
Qxg7 Rg8 9. Qxh7 cxd4 10. Ne2 Nbc6 11. f4 dxc3 12. Qd3 Bd7 13. Nxc3 a6 14.
Ne2 O-O-O 15. g3 Na5 16. Qc3 Nc4 17. Bg2 Kb8 18. O-O Nf5 19. Rb1 Qc5+ 20.
Rf2 Bc6 21. Qb4 Qa7 22. Bh3 Rh8 23. Bxf5 Rxh2 24. Qe1 Rdh8 25. Kf1 Rh1+ 26.
Ng1 d4 27. Ke2 exf5 28. Bd2 Nxa3 29. Rb3 Nxc2 30. Qc1 d3+ 31. Rxd3 Qxf2+
0-1

[Event "38th Olympiad w"]
[Site "Dresden GER"]
[Date "2008.11.20"]
[Round "7"]
[White "Michna,Mart"]
[Black "Ambrosi,E"]
[Result "1-0"]
[WhiteElo "2399"]
[BlackElo "2128"]
[EventDate "2008.11.13"]

1. d4 d5 2. e3 Nc6 3. Nf3 Bg4 4. Bb5 e6 5. c4 Bxf3 6. Qxf3 a6 7. cxd5 Qxd5
8. Qxd5 exd5 9. Bxc6+ bxc6 10. Nc3 Nf6 11. Ke2 c5 12. dxc5 Bxc5 13. Rd1 c6
14. b3 O-O 15. Bb2 Rfe8 16. Rac1 Ba7 17. Na4 Rac8 18. Bxf6 gxf6 19. Nc5 Re5
20. Nd7 Rg5 21. Nxf6+ Kg7 22. Nxd5 Rxg2 23. Ne7 Re8 24. Rg1 Rxg1 25. Rxg1+
Kf6 26. Nxc6 Bc5 27. Rc1 Bd6 28. h4 Re4 29. Nd4 1-0

[Event "38th Olympiad w"]
[Site "Dresden GER"]
[Date "2008.11.20"]
[Round "7"]
[White "Zdebskaja,N"]
[Black "Van Weersel,A"]
[Result "1/2-1/2"]
[WhiteElo "2419"]
[BlackElo "2209"]
[EventDate "2008.11.13"]

1. e4 e5 2. Nf3 Nc6 3. Bb5 a6 4. Ba4 Nf6 5. Qe2 b5 6. Bb3 Bc5 7. c3 O-O 8.
O-O d5 9. d3 d4 10. Bg5 h6 11. Bh4 Qd6 12. Nbd2 Nh5 13. Bg3 Bg4 14. Bd5
Nxg3 15. hxg3 dxc3 16. bxc3 Rad8 17. Rad1 Bb6 18. Rfe1 Ne7 19. Bb3 Ba5 20.
Nb1 Nc6 21. Bd5 Ne7 22. Bb3 Nc6 23. Bd5 Ne7 24. Bb3 1/2-1/2

[Event "38th Olympiad w"]
[Site "Dresden GER"]
[Date "2008.11.20"]
[Round "7"]
[White "Hoang Thi Bao Tram"]
[Black "Chelushkina,I"]
[Result "0-1"]
[WhiteElo "2250"]
[BlackElo "2360"]
[EventDate "2008.11.13"]

1. d4 Nf6 2. Nf3 g6 3. g3 Bg7 4. Bg2 c5 5. d5 O-O 6. O-O d6 7. c4 e6 8. Nc3
exd5 9. cxd5 Re8 10. Nd2 Nbd7 11. e4 Ne5 12. Qe2 g5 13. h3 h6 14. Nc4 Nxc4
15. Qxc4 a6 16. a3 b5 17. Qd3 b4 18. axb4 cxb4 19. Na4 Bd7 20. Re1 Bb5 21.
Qb3 Rc8 22. Bd2 a5 23. Qd1 Nd7 24. Ra2 Bxa4 25. Qxa4 Nc5 26. Qb5 b3 27.
Bxa5 Rb8 28. Qc4 Qc8 29. Raa1 Bxb2 30. Rab1 Be5 31. Bf1 b2 32. Bc3 Na4 33.
Qxa4 Qxc3 34. Red1 Re7 35. Kg2 Kg7 36. Qa6 Rb4 37. Qd3 Qc5 38. Qf3 Rd4 39.
h4 Rxd1 40. Qxd1 Bf6 41. hxg5 hxg5 42. Bd3 Ra7 43. Qe2 Qd4 44. Rd1 Rc7 45.
Bb1 Qe5 46. Qe3 Rc3 47. Qd2 g4 48. Bd3 Qg5 49. Qe1 Qh6 50. Kf1 Rc1 51. Ke2
Bc3 52. Qg1 Qf6 0-1

[Event "38th Olympiad w"]
[Site "Dresden GER"]
[Date "2008.11.20"]
[Round "7"]
[White "Collas,S"]
[Black "Rysbayeva,A"]
[Result "1-0"]
[WhiteElo "2352"]
[BlackElo "2180"]
[EventDate "2008.11.13"]

1. c4 c5 2. Nc3 Nf6 3. Nf3 d5 4. cxd5 Nxd5 5. d4 cxd4 6. Qxd4 Nxc3 7. Qxc3
Nc6 8. e4 Bg4 9. Bb5 Qb6 10. Bxc6+ Qxc6 11. Qxc6+ bxc6 12. Ne5 Bd7 13. Bf4
f6 14. Nxd7 Kxd7 15. O-O-O+ Ke8 16. Rd3 e5 17. Be3 Be7 18. Kb1 Kf7 19. Rc1
Rhc8 20. Rd7 Ke6 21. Rxa7 Rxa7 22. Bxa7 g6 23. Bc5 Bd8 24. b4 f5 25. Rc4
Bg5 26. a4 Rd8 27. Bb6 Rd1+ 28. Kb2 fxe4 29. Rxc6+ Kd7 30. Rc7+ Kd6 31. Rc2
e3 32. fxe3 e4 33. a5 Bf6+ 34. Kb3 Ra1 35. Bc5+ Kd7 36. Kc4 Be5 37. Rf2
Bxh2 38. Rf7+ Ke6 39. Rxh7 Be5 40. Re7+ Kf6 41. Rxe5 1-0

[Event "38th Olympiad w"]
[Site "Dresden GER"]
[Date "2008.11.20"]
[Round "7"]
[White "Saduakassova,D"]
[Black "Leconte,M"]
[Result "0-1"]
[WhiteElo "1863"]
[BlackElo "2349"]
[EventDate "2008.11.13"]

1. d4 e6 2. Nf3 Nf6 3. g3 b5 4. Bg2 d5 5. O-O c5 6. c3 Bd6 7. a4 bxa4 8.
dxc5 Bxc5 9. Qxa4+ Bd7 10. Qc2 Nc6 11. Bf4 Rc8 12. Nbd2 O-O 13. Nb3 Bb6 14.
Bd6 Ne7 15. Nfd4 a5 16. Qd3 Ne8 17. Bxe7 Qxe7 18. Nxa5 e5 19. Nc2 Nf6 20.
Nb4 e4 21. Qd1 d4 22. Qb3 Qd8 23. Qa3 Ra8 24. Nac6 Rxa3 25. Nxd8 Rxa1 26.
Rxa1 Rxd8 27. cxd4 Bxd4 28. Rd1 Ba4 29. Ra1 Bb5 30. Ra5 Rb8 31. Bf1 Bxb2
32. e3 Bxf1 33. Nc6 Re8 0-1

[Event "38th Olympiad w"]
[Site "Dresden GER"]
[Date "2008.11.20"]
[Round "7"]
[White "Arribas Robaina,M"]
[Black "Petrenko,S"]
[Result "0-1"]
[WhiteElo "2303"]
[BlackElo "2285"]
[EventDate "2008.11.13"]

1. e4 e6 2. d4 d5 3. e5 c5 4. c3 Nc6 5. Nf3 Nge7 6. Bd3 cxd4 7. cxd4 Nf5 8.
Bxf5 exf5 9. O-O Be7 10. Nc3 Be6 11. Ne1 g5 12. f4 g4 13. Be3 Kf8 14. Nd3
Rc8 15. Rc1 b6 16. Ne2 Kg7 17. Rc3 Qd7 18. Qb1 Na5 19. Rxc8 Rxc8 20. b3 h5
21. Bd2 Nc6 22. Rc1 a5 23. b4 axb4 24. Nxb4 Nxb4 25. Bxb4 Qb5 26. Bxe7 Qxe2
27. Rxc8 Bxc8 28. Bh4 Qe3+ 29. Bf2 Qxf4 30. g3 Qh6 31. Qb3 Qc1+ 32. Kg2 Ba6
0-1

[Event "38th Olympiad w"]
[Site "Dresden GER"]
[Date "2008.11.20"]
[Round "7"]
[White "Linares Napoles,O"]
[Black "Partac,E"]
[Result "1-0"]
[WhiteElo "2262"]
[BlackElo "2168"]
[EventDate "2008.11.13"]

1. e4 c5 2. Nf3 Nc6 3. d4 cxd4 4. Nxd4 g6 5. Nc3 Bg7 6. Nb3 Nf6 7. Be2 d6
8. O-O O-O 9. Re1 Be6 10. Bf1 Re8 11. Nd5 Bxd5 12. exd5 Nb4 13. c4 Qd7 14.
a3 Na6 15. Be3 Nc7 16. Rc1 e6 17. dxe6 Nxe6 18. Qf3 Qa4 19. Nd4 d5 20. Nxe6
fxe6 21. Bd4 Qd7 22. Bxf6 Rf8 23. cxd5 Rxf6 24. dxe6 Qe7 25. Qg3 Rf5 26.
Rc7 Qf6 27. e7 Re8 28. Qb3+ Kh8 29. Qa4 b5 30. Qxa7 Qxb2 31. Rd1 Qb3 32.
Rd8 Qf7 33. Rcc8 1-0

[Event "38th Olympiad w"]
[Site "Dresden GER"]
[Date "2008.11.20"]
[Round "7"]
[White "Bulmaga,I"]
[Black "Marrero Lopez,Yan"]
[Result "1-0"]
[WhiteElo "2287"]
[BlackElo "2260"]
[EventDate "2008.11.13"]

1. e4 e5 2. Nf3 Nc6 3. d4 exd4 4. Nxd4 Bc5 5. Nxc6 Qf6 6. Qf3 bxc6 7. Nd2
d6 8. Nb3 Bb6 9. a4 a5 10. Bc4 Qxf3 11. gxf3 Ne7 12. Be3 Bxe3 13. fxe3 O-O
14. O-O-O c5 15. e5 Ba6 16. exd6 cxd6 17. Bd5 Nxd5 18. Rxd5 Bc4 19. Rxd6
Bxb3 20. cxb3 Rab8 21. Rd3 Rb4 22. Kc2 Rh4 23. Kc3 g6 24. e4 f5 25. e5 Rb8
26. Rhd1 Kf7 27. Rd7+ Ke6 28. R1d5 Rc8 29. R7d6+ Ke7 30. Ra6 Rf4 31. Rdd6
Rxf3+ 32. Kc4 Rf4+ 33. Kd3 c4+ 34. bxc4 Rfxc4 35. Re6+ Kf7 36. Rf6+ Kg7 37.
Rxa5 Rb4 38. Ra7+ Kh6 39. e6 Rxb2 40. e7 Kg5 41. Rf7 h5 42. Rd7 Rb1 43. Rc7
Re8 44. a5 Rd1+ 45. Ke2 Rd6 46. Kf2 Rb8 47. Rc2 Re8 48. Re2 Rd7 49. Kf3 Kh4
50. Kf4 Ra7 51. Re5 Kh3 52. Kg5 Kxh2 53. Kxg6 f4 54. Rxh5+ Kg3 55. Rg5+ Kf2
56. Re5 f3 57. Rg7 Kf1 58. Kf7 Raa8 59. Rg6 f2 60. Rf6 Kg1 61. Rg5+ Kf1 62.
Rgf5 Rh8 63. Rxf2+ Ke1 64. Rg2 Rh7+ 65. Rg7 1-0

[Event "38th Olympiad w"]
[Site "Dresden GER"]
[Date "2008.11.20"]
[Round "7"]
[White "Ciuksyte,D"]
[Black "Moncayo Romero,E"]
[Result "0-1"]
[WhiteElo "2339"]
[BlackElo "2142"]
[EventDate "2008.11.13"]

1. e4 c5 2. Nf3 d6 3. d4 cxd4 4. Nxd4 Nf6 5. Nc3 a6 6. Bc4 e6 7. O-O b5 8.
Bb3 Be7 9. Qf3 Qb6 10. Bg5 O-O 11. Rad1 Bb7 12. Qg3 b4 13. Na4 Qa5 14. Bxf6
Bxf6 15. Qxd6 Qh5 16. Nxe6 Re8 17. Nf4 Qa5 18. Nd5 Be5 19. Ne7+ Kh8 20. Qb6
Bxh2+ 21. Kxh2 Qe5+ 22. Kg1 Qxe7 23. Nc5 Bc6 24. Bd5 a5 25. Bxc6 Nxc6 26.
Rd7 Qf6 27. Rc7 Rac8 28. Rd1 Rxc7 29. Qxc7 Nd4 30. Nd3 h6 31. e5 Qf5 32. c3
bxc3 33. bxc3 Rc8 34. Qxa5 Ne2+ 35. Kf1 Ng3+ 36. Ke1 Qe4+ 37. Kd2 Qe2+ 38.
Kc1 Ne4 39. Nf4 Qxf2 40. Rd8+ Rxd8 41. Qxd8+ Kh7 42. g3 Qe3+ 43. Kd1 Qf3+
44. Kc2 Qxc3+ 45. Kd1 Qxg3 46. Nd3 Qe3 47. Nb4 Qf3+ 0-1

[Event "38th Olympiad w"]
[Site "Dresden GER"]
[Date "2008.11.20"]
[Round "7"]
[White "Grigoryan Lyell,M"]
[Black "Rojas Solano,J"]
[Result "1/2-1/2"]
[WhiteElo "2076"]
[BlackElo "1959"]
[EventDate "2008.11.13"]

1. d4 d5 2. c4 e6 3. Nc3 c6 4. Qc2 f5 5. Bf4 Nf6 6. Nf3 Bd6 7. e3 O-O 8.
Bd3 Ne4 9. Bxd6 Nxd6 10. Ne5 Qh4 11. g3 Qh5 12. Be2 Qe8 13. Rc1 Nd7 14.
Nxd7 Qxd7 15. c5 Ne4 16. f3 Nf6 17. h3 Qc7 18. f4 Bd7 19. Bd3 Rae8 20. Ne2
h6 21. Ng1 Ne4 22. Ne2 Qd8 23. a3 Kh8 24. Rh2 g5 25. Bxe4 fxe4 26. Kd2 Rg8
27. Rg1 Ref8 28. Kc1 Qf6 29. Qd1 Be8 30. g4 Bg6 31. Qe1 Kg7 32. h4 1/2-1/2

[Event "38th Olympiad w"]
[Site "Dresden GER"]
[Date "2008.11.20"]
[Round "7"]
[White "Medic,Mir"]
[Black "Gevorgyan,I"]
[Result "1-0"]
[WhiteElo "2281"]
[BlackElo "2179"]
[EventDate "2008.11.13"]

1. d4 d5 2. Nf3 c6 3. e3 Bf5 4. Be2 e6 5. O-O Bd6 6. b3 Nd7 7. Bb2 h6 8. c4
Ngf6 9. Nbd2 Qe7 10. Ne5 Ba3 11. Qc1 Bxb2 12. Qxb2 O-O 13. b4 Nxe5 14. dxe5
Nd7 15. f4 f6 16. exf6 Qxf6 17. Qxf6 gxf6 18. Nb3 Be4 19. Rac1 Kf7 20. Rf2
Ke7 21. Na5 Rab8 22. c5 Kd8 23. Bg4 Re8 24. a3 Kc7 25. Nb3 Re7 26. Be2 Rg8
27. Bf1 Nf8 28. a4 Ng6 29. Nd2 Bf5 30. Be2 Reg7 31. g3 Ne7 32. Nb3 e5 33.
b5 Be4 34. Nd2 Bh7 35. fxe5 fxe5 36. Rcf1 d4 37. e4 Bg6 38. Bd3 Be8 39. Bc4
Rh8 40. Rf6 h5 41. Kg2 h4 42. Rf8 Rxf8 43. Rxf8 Bh5 44. Ra8 Bg4 45. Rxa7
Kb8 46. Ra5 Bd7 47. Nf3 Ng6 48. Kf2 hxg3+ 49. hxg3 Bc8 50. Ng5 Nf8 51. Nf7
Ng6 52. Nd6 Bd7 53. b6 Nf8 54. Ra7 Bg4 55. Ba6 1-0

[Event "38th Olympiad w"]
[Site "Dresden GER"]
[Date "2008.11.20"]
[Round "7"]
[White "Tokhirjanova,H"]
[Black "Franciskovic,B"]
[Result "1-0"]
[WhiteElo "2106"]
[BlackElo "2275"]
[EventDate "2008.11.13"]

1. e4 c6 2. d4 d5 3. Nd2 dxe4 4. Nxe4 Bf5 5. Ng3 Bg6 6. h4 h6 7. Nf3 Nd7 8.
h5 Bh7 9. Bd3 Bxd3 10. Qxd3 e6 11. Bd2 Ngf6 12. O-O-O Be7 13. Qe2 O-O 14.
Nf1 c5 15. g4 cxd4 16. g5 d3 17. cxd3 hxg5 18. Bxg5 Qb6 19. Ne3 Rac8+ 20.
Kb1 Qb5 21. Nc4 Qf5 22. Ka1 Nb6 23. Nce5 Rc5 24. Rdg1 Rfc8 25. h6 Rc2 26.
Bd2 Ne8 27. h7+ Kh8 28. Nd4 Qf6 29. Nxc2 Rxc2 30. Qh5 Nd6 31. Bc3 Bf8 32.
Nd7 Qxf2 33. Nxf8 Rxc3 34. bxc3 Na4 35. Qh2 Qf6 36. d4 Qe7 37. Rxg7 1-0

[Event "38th Olympiad w"]
[Site "Dresden GER"]
[Date "2008.11.20"]
[Round "7"]
[White "Mamedjarova,Z"]
[Black "Repkova,E"]
[Result "0-1"]
[WhiteElo "2351"]
[BlackElo "2400"]
[EventDate "2008.11.13"]

1. d4 d5 2. c4 e6 3. Nc3 Nf6 4. cxd5 exd5 5. Bg5 c6 6. e3 Be7 7. Qc2 O-O 8.
Bd3 Nbd7 9. Nf3 Re8 10. O-O Nf8 11. h3 Ne4 12. Bf4 f5 13. Ne5 Ng6 14. Bxe4
fxe4 15. Nxg6 hxg6 16. f3 Bb4 17. Nxe4 dxe4 18. Qb3+ Qd5 19. Qxb4 b6 20. b3
Ba6 21. Rf2 Re6 22. Be5 c5 23. Qe1 Rc8 24. fxe4 Qxe4 25. Rf4 Qc2 26. Rc1
Qd3 27. Kh2 Bb7 28. Qf2 Bd5 29. Rf1 Ree8 30. Rf7 Rxe5 31. Rf8+ Rxf8 32.
Qxf8+ Kh7 33. dxe5 Qe4 34. Qf3 Qxe5+ 35. Qg3 Qe7 36. Rf4 Kg8 37. Rg4 Be4
38. Qb8+ Kh7 39. Qf4 Bf5 40. Rg3 b5 41. e4 Qxe4 42. Qxe4 Bxe4 43. Rc3 c4
44. bxc4 bxc4 45. Rxc4 Bd3 46. Rd4 Be2 47. Kg3 g5 48. Rd6 a6 49. a4 g6 50.
Kf2 Bc4 51. Rc6 Bd3 52. Ke3 Bf1 53. Rc2 Kh6 54. Kd4 a5 55. Rf2 Ba6 56. g4
Bc8 57. Ke3 0-1

[Event "38th Olympiad w"]
[Site "Dresden GER"]
[Date "2008.11.20"]
[Round "7"]
[White "Gregorova,Z"]
[Black "Kazimova,N"]
[Result "1/2-1/2"]
[WhiteElo "2163"]
[BlackElo "2171"]
[EventDate "2008.11.13"]

1. Nf3 c5 2. g3 Nc6 3. Bg2 d5 4. d3 g6 5. Nbd2 Bg7 6. e4 e6 7. O-O Nge7 8.
Re1 b6 9. c3 a5 10. Nf1 dxe4 11. dxe4 Qxd1 12. Rxd1 Ba6 13. a4 O-O 14. Ne3
Rad8 15. Bf1 Rxd1 16. Nxd1 Bxf1 17. Kxf1 Nc8 18. Ne3 Nd6 19. Nd2 Bh6 20.
Nec4 Rd8 21. Nxd6 Rxd6 22. Ke2 Bxd2 23. Bxd2 Kf8 24. Bf4 e5 25. Be3 Ke7 26.
Rd1 Rxd1 27. Kxd1 Kd6 28. Ke2 f6 29. Kd3 Nd8 30. b4 Nb7 31. Kc4 Kc6 32. b5+
Kd6 33. f4 Ke6 34. fxe5 fxe5 35. Kd3 Nd6 36. Bf2 Kf6 37. Be3 Ke6 38. Bf2
Nf7 39. Be3 Nd6 1/2-1/2

[Event "38th Olympiad w"]
[Site "Dresden GER"]
[Date "2008.11.20"]
[Round "7"]
[White "Ortiz,Na"]
[Black "Cosma,E"]
[Result "0-1"]
[WhiteElo "2230"]
[BlackElo "2340"]
[EventDate "2008.11.13"]

1. e4 e6 2. Nf3 d5 3. Nc3 Nf6 4. e5 Nfd7 5. d4 c5 6. dxc5 Bxc5 7. Bd3 Nc6
8. Bf4 f6 9. exf6 Nxf6 10. Qe2 O-O 11. O-O-O Bd6 12. Bg3 a6 13. Kb1 Qc7 14.
Rhe1 Bd7 15. Ng5 Rae8 16. Nxh7 Nxh7 17. Bxh7+ Kxh7 18. Qh5+ Kg8 19. Ne4
Bxg3 20. Ng5 Rf5 21. fxg3 Rxg5 22. Qxg5 Qd8 23. Qh5 Rf8 24. Rf1 Rxf1 25.
Rxf1 Qe7 26. h4 Be8 27. Qg4 Ne5 28. Qf4 Nf7 29. Qb8 e5 30. g4 Nd6 31. h5 e4
32. Qa7 Qe5 33. c3 Bb5 34. Qb8+ Qe8 35. Qxe8+ Nxe8 36. Rf5 Nf6 37. Kc1 Bd7
38. Re5 Bxg4 39. Kd2 Kf7 40. Ke3 Bxh5 41. Kd4 Be2 42. b3 b5 43. Rf5 Bg4 44.
Rf1 Ke6 45. c4 dxc4 46. bxc4 Be2 47. Re1 Bxc4 48. a4 Bd3 49. axb5 axb5 50.
Ra1 Kf5 51. Ra7 g5 52. Rf7 g4 53. Rg7 Bc4 0-1

[Event "38th Olympiad w"]
[Site "Dresden GER"]
[Date "2008.11.20"]
[Round "7"]
[White "Voicu,C"]
[Black "Chirivi C,Y"]
[Result "1/2-1/2"]
[WhiteElo "2239"]
[BlackElo "2175"]
[EventDate "2008.11.13"]

1. e4 c5 2. Nf3 e6 3. d4 cxd4 4. Nxd4 a6 5. Bd3 Bc5 6. Nb3 Be7 7. Qg4 g6 8.
Qe2 d6 9. O-O Bf6 10. c3 Nd7 11. Be3 Bg7 12. N1d2 Ngf6 13. f4 O-O 14. a4 b6
15. a5 b5 16. c4 bxc4 17. Nxc4 d5 18. Nb6 dxe4 19. Nxa8 exd3 20. Qxd3 Nd5
21. Bd4 Bb7 22. Bxg7 Kxg7 23. Nb6 N7xb6 24. Qd4+ e5 25. fxe5 Nd7 26. e6+
N7f6 27. Nc5 Bc8 28. Rae1 Qe7 29. exf7 Qxf7 30. Ne4 Qc7 31. Rc1 Qe7 32.
Rce1 Qc7 33. Rc1 Qe7 34. Rce1 Qc7 35. Rc1 Qe7 36. Rce1 Qc7 1/2-1/2

[Event "38th Olympiad w"]
[Site "Dresden GER"]
[Date "2008.11.20"]
[Round "7"]
[White "Motoc,A"]
[Black "Franco Valencia,B"]
[Result "1-0"]
[WhiteElo "2313"]
[BlackElo "2172"]
[EventDate "2008.11.13"]

1. d4 Nf6 2. c4 e6 3. Nc3 d5 4. Bg5 c6 5. e3 Bb4 6. Qb3 a5 7. a3 Bxc3+ 8.
bxc3 dxc4 9. Bxc4 b5 10. Bd3 a4 11. Qc2 h6 12. Bh4 Nbd7 13. Nf3 Qa5 14. O-O
O-O 15. e4 Ba6 16. Qe2 c5 17. Rfc1 c4 18. Bb1 Bb7 19. Bg3 Qb6 20. Ra2 Qc6
21. Nd2 Nh7 22. f4 Rae8 23. e5 f5 24. exf6 Nhxf6 25. Bg6 Re7 26. Nf3 Nd5
27. Qd2 e5 28. f5 Nf4 29. dxe5 Nxg6 30. Nd4 Qxg2+ 31. Qxg2 Bxg2 32. fxg6
Bd5 33. e6 Rxe6 34. Nxe6 Bxe6 35. Rb2 Rf5 36. Rcb1 Rf3 37. Rxb5 Nf8 38. Rb8
Bf5 39. Rf1 1-0

[Event "38th Olympiad w"]
[Site "Dresden GER"]
[Date "2008.11.20"]
[Round "7"]
[White "Galojan,L"]
[Black "Novkovic,J"]
[Result "1-0"]
[WhiteElo "2305"]
[BlackElo "2161"]
[EventDate "2008.11.13"]

1. d4 Nf6 2. c4 g6 3. g3 Bg7 4. Bg2 O-O 5. Nf3 d6 6. O-O Nc6 7. Nc3 a6 8.
h3 e5 9. d5 Ne7 10. e4 b5 11. Nd2 b4 12. Ne2 Nd7 13. a3 Rb8 14. axb4 Rxb4
15. Ra4 Rxa4 16. Qxa4 c5 17. b3 Bh6 18. Nf3 Bxc1 19. Rxc1 Qb6 20. Rb1 Nf6
21. Ne1 Bd7 22. Qa3 g5 23. Nd3 a5 24. f4 gxf4 25. gxf4 Ng6 26. fxe5 Nxe5
27. Nxe5 dxe5 28. Qa1 Qc7 29. Ng3 Kh8 30. Rf1 Rg8 31. Rxf6 Rxg3 32. d6 Qc8
33. Qxe5 Rxg2+ 34. Kxg2 Bxh3+ 35. Kh2 Kg8 36. Qg5+ Kh8 37. Rxf7 1-0

[Event "38th Olympiad w"]
[Site "Dresden GER"]
[Date "2008.11.20"]
[Round "7"]
[White "Agrest,S"]
[Black "Borsuk,A"]
[Result "0-1"]
[WhiteElo "2258"]
[BlackElo "2398"]
[EventDate "2008.11.13"]

1. e4 c6 2. d4 d5 3. exd5 cxd5 4. Bd3 Nc6 5. c3 Qc7 6. h3 Nf6 7. Nf3 g6 8.
O-O Bg7 9. Re1 O-O 10. Nbd2 Bf5 11. Nf1 Bxd3 12. Qxd3 e6 13. Ng3 a6 14. Bg5
h6 15. Be3 b5 16. Qd2 Kh7 17. Bf4 Qb7 18. Qd3 b4 19. h4 Kg8 20. Qd2 bxc3
21. bxc3 Ng4 22. Rab1 Qd7 23. Nf1 Na5 24. N1h2 Nc4 25. Qd3 Nxh2 26. Kxh2
Rfc8 27. Rb3 Qa4 28. h5 gxh5 29. Ne5 Nd6 30. Qg3 Nf5 31. Qg4 hxg4 0-1

[Event "38th Olympiad w"]
[Site "Dresden GER"]
[Date "2008.11.20"]
[Round "7"]
[White "Makropoulou,M"]
[Black "Erneste,I"]
[Result "1/2-1/2"]
[WhiteElo "2265"]
[BlackElo "2290"]
[EventDate "2008.11.13"]

1. e4 e5 2. Nf3 Nc6 3. Bb5 a6 4. Ba4 Nf6 5. O-O Be7 6. Re1 b5 7. Bb3 d6 8.
c3 O-O 9. h3 Nb8 10. d4 Nbd7 11. Nbd2 Bb7 12. Bc2 Re8 13. Nf1 h6 14. Ng3
Bf8 15. Qd3 g6 16. a4 exd4 17. cxd4 c5 18. axb5 axb5 19. Rxa8 Qxa8 20. Qxb5
cxd4 21. Bd2 Ba6 22. Qa5 Nc5 23. Nxd4 Nfxe4 24. Nxe4 Nxe4 25. Bxe4 Rxe4 26.
Rxe4 Qxe4 27. Qxa6 Qxd4 28. Bc3 Qd1+ 29. Qf1 Qb3 30. Qe1 Bg7 31. Qe8+ Kh7
32. Bxg7 Kxg7 33. Qe2 h5 1/2-1/2

[Event "38th Olympiad w"]
[Site "Dresden GER"]
[Date "2008.11.20"]
[Round "7"]
[White "Skinke,K"]
[Black "Fakhiridou,E"]
[Result "0-1"]
[WhiteElo "2186"]
[BlackElo "2248"]
[EventDate "2008.11.13"]

1. e4 c5 2. Nf3 d6 3. d4 cxd4 4. Nxd4 Nf6 5. Nc3 a6 6. Be3 e5 7. Nb3 Be6 8.
Qd2 Be7 9. f3 O-O 10. g4 d5 11. g5 d4 12. gxf6 Bxf6 13. Bf2 Bg5 14. Qd3
dxc3 15. Qxc3 Nd7 16. Bd3 Qf6 17. Ke2 Rac8 18. Qb4 b5 19. h4 Bh6 20. Rad1
Rfe8 21. h5 Bxb3 22. axb3 Nf8 23. Be3 Bxe3 24. Kxe3 Qb6+ 25. Kd2 Qh6+ 26.
Ke2 Ne6 27. Kf2 Nf4 28. Qd2 Red8 29. b4 Rd4 30. b3 Qg5 31. h6 Rxd3 32. cxd3
Rc2 33. Qxc2 Qg2+ 34. Ke3 Qxc2 35. Rd2 Qc3 36. Rdh2 Qd4+ 37. Kd2 gxh6 0-1

[Event "38th Olympiad w"]
[Site "Dresden GER"]
[Date "2008.11.20"]
[Round "7"]
[White "Hagesaether,E"]
[Black "Vargas,Ga"]
[Result "1/2-1/2"]
[WhiteElo "2239"]
[BlackElo "2055"]
[EventDate "2008.11.13"]

1. e4 e6 2. Qe2 Be7 3. Nf3 d5 4. d3 Nf6 5. e5 Nfd7 6. g3 c5 7. Bg2 Nc6 8.
h4 Qc7 9. Bf4 b6 10. Nc3 Nd4 11. Nxd4 cxd4 12. Nxd5 exd5 13. e6 Qc5 14.
exd7+ Bxd7 15. O-O O-O 16. c4 dxc3 17. b4 Qxb4 18. Rab1 Qc5 19. d4 Qxd4 20.
Qxe7 Be6 21. Rbc1 b5 22. Rfd1 Qc4 23. Bf1 Qa4 24. Be3 b4 25. Bd3 a5 26. Rc2
Bg4 27. Rb1 Bf3 28. Qg5 Be4 29. Bxe4 dxe4 30. Bd4 f6 31. Qd5+ Kh8 32. Rb3
Rad8 33. Qc4 Qd7 34. Bxc3 Qd1+ 35. Be1 Qxe1+ 36. Qf1 Rd1 37. Qxe1 Rxe1+ 38.
Kg2 Kg8 39. a3 Rb8 40. axb4 Rxb4 41. Rxb4 axb4 42. Rb2 e3 43. fxe3 Rxe3 44.
Rxb4 Kf7 45. Kf2 Ra3 46. Rb5 Kg6 47. Rc5 h6 1/2-1/2

[Event "38th Olympiad w"]
[Site "Dresden GER"]
[Date "2008.11.20"]
[Round "7"]
[White "Rojas,Mo"]
[Black "Bjerke,S"]
[Result "0-1"]
[WhiteElo "1689"]
[BlackElo "2204"]
[EventDate "2008.11.13"]

1. e4 c5 2. Nf3 d6 3. Bb5+ Nd7 4. c4 Ngf6 5. Nc3 e6 6. d4 cxd4 7. Nxd4 Be7
8. O-O O-O 9. Be3 Ne5 10. Qe2 Qc7 11. f4 Neg4 12. Bf2 Nxf2 13. Rxf2 Qc5 14.
Nb3 Qh5 15. Qxh5 Nxh5 16. Kh1 g5 17. g3 a6 18. Ba4 f5 19. fxg5 Bxg5 20.
exf5 b5 21. Re2 bxa4 22. Nxa4 Rxf5 23. Kg1 Rf3 24. Nb6 Rb8 25. Nxc8 Rxc8
26. Rxe6 Rxc4 27. Rxd6 Rc2 0-1

[Event "38th Olympiad w"]
[Site "Dresden GER"]
[Date "2008.11.20"]
[Round "7"]
[White "Alderete,J"]
[Black "Jorgensen,L"]
[Result "0-1"]
[WhiteElo "1524"]
[BlackElo "1946"]
[EventDate "2008.11.13"]

1. d4 d5 2. Nf3 Nf6 3. Bf4 e6 4. e3 c5 5. c3 Nc6 6. Bd3 Be7 7. h3 O-O 8.
O-O h6 9. Nbd2 Nd7 10. Ne5 Ndxe5 11. dxe5 f5 12. Bg3 Qc7 13. f4 c4 14. Bc2
Qb6 15. Bf2 Qxb2 16. Nb1 Qxa1 0-1

[Event "38th Olympiad w"]
[Site "Dresden GER"]
[Date "2008.11.20"]
[Round "7"]
[White "Sanchez Castillo,S"]
[Black "Nguyen Thu Giang"]
[Result "1-0"]
[WhiteElo "2206"]
[BlackElo "2101"]
[EventDate "2008.11.13"]

1. e4 d5 2. exd5 Qxd5 3. d4 e5 4. Qe2 Nc6 5. dxe5 Nd4 6. Nc3 Bb4 7. Qd2
Qxe5+ 8. Nge2 c5 9. a3 Bf5 10. f4 Qe6 11. axb4 Nxc2+ 12. Kf2 Rd8 13. Nb5
Qe7 14. Qc3 Nf6 15. Ng3 Be4 16. Rxa7 Nxb4 17. h3 Nc6 18. Ra4 O-O 19. Be2
Nb4 20. Qe5 Rfe8 21. Qxe7 Rxe7 22. Nxe4 Rxe4 23. Nc3 Re7 24. Rd1 Rde8 25.
Bb5 Rc8 26. Ra7 h6 27. Be3 Nc2 28. Bxc5 Rxc5 29. Rd8+ Kh7 30. Bd3+ g6 31.
Bxc2 Rec7 32. Bb3 Kg7 33. Rb8 Rf5 34. Rbxb7 Rxb7 35. Rxb7 Rxf4+ 36. Ke3 g5
37. Bxf7 Kf8 38. Nd5 Nxd5+ 39. Bxd5 Ke8 40. b4 Re4+ 41. Kxe4 1-0

[Event "38th Olympiad w"]
[Site "Dresden GER"]
[Date "2008.11.20"]
[Round "7"]
[White "Oliver,S"]
[Black "Otazo,A"]
[Result "0-1"]
[WhiteElo "1942"]
[BlackElo "1942"]
[EventDate "2008.11.13"]

1. e4 e5 2. Nf3 Nf6 3. d4 Nxe4 4. Bd3 d5 5. Nxe5 Nd7 6. Nxd7 Bxd7 7. O-O
Bd6 8. Nc3 Nxc3 9. bxc3 O-O 10. Qh5 g6 11. Qxd5 Bc6 12. Qg5 Be7 13. Qg3 Bh4
14. Qg4 f5 15. Bc4+ Kh8 16. Qf4 Bf6 17. Bd2 Rc8 18. Rfe1 Bd5 19. Bb3 c5 20.
dxc5 Rxc5 21. Rad1 Bxb3 22. cxb3 Rd5 23. Re2 Bg5 24. Qb4 a5 25. Qa3 Kg8 26.
Qc1 Qd6 27. g3 Rd8 28. f4 Bf6 29. Qc2 Qc5+ 30. Kg2 Qc6 31. Kf2 Bd4+ 32. Kf1
R5d6 0-1

[Event "38th Olympiad w"]
[Site "Dresden GER"]
[Date "2008.11.20"]
[Round "7"]
[White "Bashkite,V"]
[Black "Gerasimova,O"]
[Result "1-0"]
[WhiteElo "2129"]
[BlackElo "2316"]
[EventDate "2008.11.13"]

1. d4 d5 2. c4 c6 3. Nc3 e6 4. Nf3 Nf6 5. Bg5 Be7 6. e3 O-O 7. Qc2 h6 8.
Bh4 Nbd7 9. a3 b6 10. cxd5 exd5 11. Bd3 Bb7 12. O-O Re8 13. Rad1 Ne4 14.
Bg3 Nxg3 15. hxg3 Rc8 16. Bh7+ Kh8 17. Bf5 Bf6 18. e4 g6 19. Bh3 Rc7 20. e5
Bg7 21. Rc1 Rc8 22. Rfe1 Ra8 23. e6 fxe6 24. Qxg6 Nf8 25. Qh5 Qf6 26. Ne5
Re7 27. Ne2 c5 28. f4 c4 29. g4 Rc7 30. g5 Qe7 31. Ng3 Qe8 32. gxh6 Bf6 33.
Qg4 Rh7 34. Nh5 Rxh6 35. Nxf6 Rxf6 36. Rc3 Nh7 37. Rg3 Qe7 38. Ng6+ Rxg6
39. Qxg6 Qf6 40. Qxf6+ Nxf6 41. Rxe6 Nh7 42. Reg6 Re8 43. Be6 1-0